00434nam a2200169Ia 4500003000400000008004100004040001600045082001300061100002100074245004200095700001900137260004800156300000900204650001200213650002000225650001900245GCL140319s9999 xx 000 0 eng d aGCL / cGCL04a551bC P1 aPLUMMER, CHARLES10aPHYSICAE GEOLOGY / cPLUMMER, CHARLES1 aMCGEARY, DEVID a[S.N] : bWM. C. BROWN PUBLISHERS ، c1993 a537P04aGEOLOGY04aNATURAL HISTORY04aEARTH SCIENCES